000 01812nam2a2200241 4500
001 RU\NLR\BIBL_A\012062596
005 20250626175459.0
035 _a(NLR Aleph) 012062596
090 _a11713667
_c11713667
100 _a20190724d2019 |||y0rusy50 ca
101 0 _arus
102 _aRU
200 1 _aМатериалы II областного конкурса бизнес-идей, научно-практических разработок и научно- исследовательских проеков и IV межрегиональной конференции "Почта России: современные технологии и перспективы"
210 _d2019
_aБ. м.
461 0 _1001RU\NLR\BIBL_A\011363927
_12001#$aВзгляд в будущее$eнаучный журнал$fОбл. бюджет. проф. образоват. учреждение "Кур. техникум связи"$v№ 5
_911313722
_cКурск
_d2017 -
_fОбл. бюджет. проф. образоват. учреждение "Кур. техникум связи"
_nОБПОУ "КТС"
_oнаучный журнал
_tВзгляд в будущее
_v№ 5
710 1 2 _aКурский областной конкурс бизнес-идей, научно-практических разработок и научно-исследовательских проектов
_d2
_f2019
_9671656
_3RU\NLR\AUTH\880505871
711 1 2 _a"Почта России: современные технологии и перспективы", межрегиональная конференция
_d4
_eКурск
_f2019
_9671658
_3RU\NLR\AUTH\880505872
852 _aNLR
_jП10/7782
942 _cISSUE
980 _aNB
980 _aRUSPER